Gulfstream Airplanes by Picture - Statistics

General Stats
  • This quiz has been taken 32 times
    10 since last reset
  • The average score is 8 of 14
Answer Stats
Picture Answer % Correct
G600
75%
G700
75%
G650
67%
IV
67%
G280
63%
G100
60%
G550
60%
II
60%
V
60%
G400
56%
G500
56%
G150
50%
G800
44%
III
44%
G450
33%
G200 Galaxy
30%
No matching quizzes found
Score Distribution
Percent of People with Each Score
Percentile by Number Answered
Your Score History
You have not taken this quiz since the last reset